| 000 | 00825nam a2200217Ia 4500 | ||
|---|---|---|---|
| 020 | _a0521774950 (student's book) | ||
| 020 | _a0521774942 (teacher's edition) | ||
| 020 | _a0521774934 (audio cassettes) | ||
| 020 | _a0521774926 (audio CD) | ||
| 040 | _cCVU | ||
| 082 | _a428 CAM 2000 A024 Or. | ||
| 100 | 1 | _aSweeney, Simon | |
| 245 | 1 | 0 |
_aCommunicating in business : _ba short course for business English students : cultural diversity and socializing, using the telephone, presentations, meetings and negotiations / |
| 260 |
_aCambridge : _bCambridge University Press, _c2000 |
||
| 300 |
_a2 v. : _bill. (some col.) ; _c28 cm. + _e2 sound cassettes + 1 sound disc |
||
| 500 | _aAccompanying disc in CD format | ||
| 650 | 0 | _aEnglish language | |
| 650 | 0 | _aEnglish language | |
| 650 | 0 | _aEnglish language | |
| 942 | _cEK | ||
| 999 |
_c15262 _d15262 |
||